000 00637nam a2200229Ia 4500
003 OSt
005 20230405105448.0
008 210423s2009 xx 000 0 und d
020 _a8170946913
040 _cAL
041 _aeng
082 _a332.644 MAHR
100 _aMahajan (R)
_983168
245 _aFutures and options: introduction to equity derivatives
260 _aNew Delhi
_bVision Books
_c2009
300 _a188
_bPB
365 _b295
_cINR
650 _aFinancial Economics
_983169
650 _aInvestment Management
_983170
906 _aderivatives ; equity ; Futures ; introduction ; options:
942 _2ddc
_cBK
999 _c158103
_d158103